| 000 | 00361 a2200157 4500 | ||
|---|---|---|---|
| 001 | 154498 | ||
| 040 | _cEscola São Tomás de Aquino | ||
| 100 | _aCRUZ, Therezinha M. L. da | ||
| 240 | 1 | 0 |
_aDescobrindo novos caminhos _lpor |
| 245 | 1 | 0 | _aDescobrindo novos caminhos |
| 300 | _a128 | ||
| 362 | 0 | _a2008 | |
| 440 | 1 | _aFTD | |
| 697 | _aRELIGIÃO | ||
| 942 | _cBK | ||
| 999 |
_c154498 _d154498 |
||